| 000 | 00642nam a2200217Ia 4500 | ||
|---|---|---|---|
| 003 | OSt | ||
| 005 | 20220928133546.0 | ||
| 006 | a|||||r|||| 00| 0 | ||
| 007 | ta | ||
| 008 | 220927b |||||||| |||| 00| 0 eng d | ||
| 024 | _a39119 | ||
| 037 | _cReference Collections | ||
| 040 |
_aSDCL _cSDCL _beng |
||
| 041 |
_2eng _aeng |
||
| 082 | _aX9(F55)N2, N99, N9 RR | ||
| 245 | 0 | _aYEARBOOK OF energy-environment statistics(Yes)* | |
| 250 | _a1999-2000/2nd | ||
| 260 |
_aNew Delhi _bBharat Information technology Services _c1999 |
||
| 942 |
_hX9(F55)N2, N99, N9 RR _cREF _2CC |
||
| 999 |
_c800083 _d800083 |
||